| 000 | 00922nam a22002057a 4500 | ||
|---|---|---|---|
| 999 |
_c8422 _d8422 |
||
| 003 | AR-CdUCM | ||
| 008 | 190325b ||||| |||| 00| 0 spa d | ||
| 040 |
_aMUNICIPALIDAD PROVINCIAL DEL CUSCO _cBIBLIOTECA MUNICIPAL DEL CUSCO |
||
| 082 |
_a540 / _bB151 |
||
| 100 |
_aBahrdt, Wilhelm _923640 |
||
| 245 | _aEstequiometria / | ||
| 260 |
_aMéxico : _bUnion Tipografica Editoral Hispano Americana , _c1961. |
||
| 300 |
_a127 páginas : _c17 cm. |
||
| 505 | _aContenido : Problemas acerca de la reaccion y composicion de compuestos quimicos y de las relaciones cuantitativas entre las sustancias reaccionantes -- Calculo de los coeficientes en ecuaciones quimicas con productos iniciales y ginales conocidos -- Determinacion del peso atomico por la ley de Dulong... | ||
| 650 |
_aEstequiometria _923641 |
||
| 650 |
_aQuimica Fisica _918687 |
||
| 650 |
_aProblematicas Quimicas _923642 |
||
| 942 |
_2ddc _cLIBROS |
||
| 945 | _artm | ||